000 00418nam a22001697a 4500
003 OSt
008 241022b |||||||| |||| 00| 0 eng d
020 _a9789810793661
082 _a746.92 KIF
100 _aKIPER, Anna
245 _aFashion Portfolio: Design + Presentation
250 _aReprint
260 _aSingapore,
_bBasheer Graphic Books
_c2015,
300 _a223 p.
650 _aB.FAD.
942 _2ddc
_cREF
999 _c12942
_d12942